000 00316nam a22001337a 4500
008 210527b ||||| |||| 00| 0 eng d
041 _aeng
080 _a591
082 _a591
100 _a7
101 _aZOO
245 _aDesert Animals Physiological Problems of Heat and Water
_cNeilsen,K.S
942 _2udc
_cBK
999 _c57696
_d57696